000 00624nam a2200241Ia 4500
003 OSt
005 20221005120409.0
006 a|||||r|||| 00| 0
007 ta
008 221004b |||||||| |||| 00| 0 eng d
024 _a70331
037 _cTextual
040 _aCRL
_cCRL
_beng
041 _2eng
_aeng
082 _aY1:1.2.C, H8
100 _aLaw Bimala Churn
245 0 _aEarly Indian culture
260 _c1948
490 _aIndian research Institute popular series, monographs; 1
650 _aSOCIOLOGY
942 _hY1:1.2.C, H8
_cTEXL
_2cc
999 _c1037843
_d1037843